[Event "MCR juniorek 2024"]
[Site "Jaromerice nad Rokytnou, Czech Republic"]
[Date "????.??.??"]
[Round "2.5"]
[White "Fizerova, Lucie"]
[Black "Nagyova, Daniela"]
[Result "0-1"]
[WhiteFideId "385115"]
[BlackFideId "390070"]
[WhiteElo "1886"]
[BlackElo "1927"]

1. e4 {[%clk 01:30:56]} {[%emt 00:00:03]} e5 {[%clk 01:30:44]} {[%emt
00:00:16]} 2. Nf3 {[%clk 01:31:20]} {[%emt 00:00:06]} Nc6 {[%clk 01:30:59]}
{[%emt 00:00:16]} 3. Bc4 {[%clk 01:31:40]} {[%emt 00:00:09]} Nf6 {[%clk
01:30:52]} {[%emt 00:00:37]} 4. Ng5 {[%clk 01:31:49]} {[%emt 00:00:21]} d5
{[%clk 01:31:01]} {[%emt 00:00:21]} 5. exd5 {[%clk 01:32:02]} {[%emt 00:00:18]}
Na5 {[%clk 01:30:44]} {[%emt 00:00:47]} 6. Bb5+ {[%clk 01:32:17]} {[%emt
00:00:14]} Bd7 {[%clk 01:30:37]} {[%emt 00:00:37]} 7. Qe2 {[%clk 01:31:59]}
{[%emt 00:00:47]} Be7 {[%clk 01:30:35]} {[%emt 00:00:33]} 8. Nf3 {[%clk
01:29:17]} {[%emt 00:03:11]} O-O {[%clk 01:15:10]} {[%emt 00:15:55]} 9. Bxd7
{[%clk 01:27:52]} {[%emt 00:01:56]} Qxd7 {[%clk 01:13:01]} {[%emt 00:02:39]} 10.
Nxe5 {[%clk 01:21:54]} {[%emt 00:06:28]} Qxd5 {[%clk 01:10:46]} {[%emt
00:02:45]} 11. O-O {[%clk 01:20:34]} {[%emt 00:01:49]} Bd6 {[%clk 01:06:44]}
{[%emt 00:04:32]} 12. Nf3 {[%clk 01:19:54]} {[%emt 00:01:10]} Rfe8 {[%clk
01:04:55]} {[%emt 00:02:20]} 13. Qd1 {[%clk 01:18:29]} {[%emt 00:01:55]} Qh5
{[%clk 00:53:06]} {[%emt 00:12:19]} 14. Nc3 {[%clk 01:13:19]} {[%emt 00:05:40]}
Ng4 {[%clk 00:46:32]} {[%emt 00:07:04]} 15. h3 {[%clk 01:08:44]} {[%emt
00:05:04]} Ne5 {[%clk 00:45:11]} {[%emt 00:01:52]} 16. Nd4 {[%clk 01:05:38]}
{[%emt 00:03:36]} Qg6 {[%clk 00:39:24]} {[%emt 00:06:16]} 17. Ndb5 {[%clk
01:03:37]} {[%emt 00:02:32]} Rad8 {[%clk 00:37:06]} {[%emt 00:02:48]} 18. Nxd6
{[%clk 01:02:28]} {[%emt 00:01:38]} Rxd6 {[%clk 00:36:48]} {[%emt 00:00:48]} 19.
d3 {[%clk 00:58:19]} {[%emt 00:04:39]} Nac6 {[%clk 00:26:09]} {[%emt 00:11:09]}
20. Bf4 {[%clk 00:46:59]} {[%emt 00:11:50]} Nd4 {[%clk 00:21:40]} {[%emt
00:05:00]} 21. Bg3 {[%clk 00:44:24]} {[%emt 00:03:05]} h5 {[%clk 00:17:22]}
{[%emt 00:04:47]} 22. Kh1 {[%clk 00:39:14]} {[%emt 00:05:40]} Nf5 {[%clk
00:13:01]} {[%emt 00:04:51]} 23. Ne4 {[%clk 00:35:44]} {[%emt 00:04:01]} Rd5
{[%clk 00:11:02]} {[%emt 00:02:29]} 24. Qc1 {[%clk 00:32:01]} {[%emt 00:04:12]}
h4 {[%clk 00:06:40]} {[%emt 00:04:53]} 25. Bh2 {[%clk 00:30:44]} {[%emt
00:01:47]} Nd4 {[%clk 00:05:02]} {[%emt 00:02:08]} 26. Nc3 {[%clk 00:26:17]}
{[%emt 00:04:57]} Rd7 {[%clk 00:04:20]} {[%emt 00:01:11]} 27. Re1 {[%clk
00:24:47]} {[%emt 00:02:00]} f6 {[%clk 00:02:28]} {[%emt 00:02:22]} 28. Re4
{[%clk 00:22:51]} {[%emt 00:02:25]} Qf5 {[%clk 00:01:46]} {[%emt 00:01:12]} 29.
Qd2 {[%clk 00:19:02]} {[%emt 00:04:20]} Qh5 {[%clk 00:01:23]} {[%emt 00:00:53]}
30. Rae1 {[%clk 00:16:42]} {[%emt 00:02:50]} Ndf3 {[%clk 00:00:51]} {[%emt
00:01:03]} 31. gxf3 {[%clk 00:15:23]} {[%emt 00:01:48]} Qxf3+ {[%clk 00:01:16]}
{[%emt 00:00:05]} 32. Kg1 {[%clk 00:15:46]} {[%emt 00:00:06]} Qxh3 {[%clk
00:00:57]} {[%emt 00:00:50]} 33. Bxe5 {[%clk 00:15:24]} {[%emt 00:00:52]} Rxe5
{[%clk 00:00:52]} {[%emt 00:00:35]} 34. Qe3 {[%clk 00:13:51]} {[%emt 00:02:03]}
Rg5+ {[%clk 00:01:01]} {[%emt 00:00:21]} 35. Qxg5 {[%clk 00:13:11]} {[%emt
00:01:09]} fxg5 {[%clk 00:01:29]} {[%emt 00:00:02]} 36. R1e3 {[%clk 00:11:47]}
{[%emt 00:01:54]} Qf5 {[%clk 00:01:57]} {[%emt 00:00:03]} 37. Kg2 {[%clk
00:10:55]} {[%emt 00:01:21]} Rf7 {[%clk 00:01:59]} {[%emt 00:00:29]} 38. Nd1
{[%clk 00:11:18]} {[%emt 00:00:06]} g4 {[%clk 00:01:33]} {[%emt 00:00:57]} 39.
Re8+ {[%clk 00:10:42]} {[%emt 00:01:06]} Kh7 {[%clk 00:01:51]} {[%emt
00:00:12]} 40. R8e5 {[%clk 00:10:38]} {[%emt 00:00:34]} h3+ {[%clk 00:01:06]}
{[%emt 00:01:15]} 41. Kh1 {[%clk 00:09:27]} {[%emt 00:01:40]} Qf6 {[%clk
00:24:28]} {[%emt 00:07:07]} 42. Rh5+ {[%clk 00:39:21]} {[%emt 00:00:36]} Kg6
{[%clk 00:24:35]} {[%emt 00:00:24]} 43. Rhe5 {[%clk 00:39:38]} {[%emt
00:00:14]} Qc6+ {[%clk 00:23:25]} {[%emt 00:01:40]} 44. R5e4 {[%clk 00:39:35]}
{[%emt 00:00:33]} Re7 {[%clk 00:20:55]} {[%emt 00:03:00]} 45. Nc3 {[%clk
00:39:09]} {[%emt 00:00:55]} Rxe4 {[%clk 00:18:45]} {[%emt 00:02:40]} 46. Rxe4
{[%clk 00:38:14]} {[%emt 00:01:25]} Qb6 {[%clk 00:14:55]} {[%emt 00:04:21]} 47.
Rxg4+ {[%clk 00:35:53]} {[%emt 00:02:50]} Kh5 {[%clk 00:14:37]} {[%emt
00:00:48]} 48. Rxg7 {[%clk 00:34:15]} {[%emt 00:02:08]} Qxb2 {[%clk 00:14:07]}
{[%emt 00:01:00]} 49. Rxc7 {[%clk 00:33:17]} {[%emt 00:01:29]} Qc1+ {[%clk
00:14:28]} {[%emt 00:00:09]} 50. Nd1 {[%clk 00:33:01]} {[%emt 00:00:46]} Qxd1+
{[%clk 00:14:05]} {[%emt 00:00:53]} 51. Kh2 {[%clk 00:33:26]} {[%emt 00:00:04]}
Qf1 {[%clk 00:13:07]} {[%emt 00:01:28]} 52. Rh7+ {[%clk 00:33:48]} {[%emt
00:00:08]} Kg6 {[%clk 00:13:16]} {[%emt 00:00:21]} 53. Rxh3 {[%clk 00:33:52]}
{[%emt 00:00:27]} Qxf2+ {[%clk 00:13:40]} {[%emt 00:00:05]} 54. Kh1 {[%clk
00:34:18]} {[%emt 00:00:04]} Qxc2 {[%clk 00:13:38]} {[%emt 00:00:33]} 0-1

[Event "MCR juniorek 2024"]
[Site "Jaromerice nad Rokytnou, Czech Republic"]
[Date "????.??.??"]
[Round "3.2"]
[White "Markina, Sofiia"]
[Black "Fizerova, Lucie"]
[Result "1/2-1/2"]
[WhiteFideId "23744014"]
[BlackFideId "385115"]
[WhiteElo "1857"]
[BlackElo "1886"]

1. e4 {[%clk 01:30:57]} {[%emt 00:00:02]} e6 {[%clk 01:30:53]} {[%emt
00:00:07]} 2. d4 {[%clk 01:31:22]} {[%emt 00:00:06]} d5 {[%clk 01:31:18]}
{[%emt 00:00:04]} 3. Nd2 {[%clk 01:31:29]} {[%emt 00:00:24]} c5 {[%clk
01:31:39]} {[%emt 00:00:09]} 4. exd5 {[%clk 01:30:50]} {[%emt 00:01:08]} Qxd5
{[%clk 01:32:01]} {[%emt 00:00:09]} 5. Ngf3 {[%clk 01:31:06]} {[%emt 00:00:14]}
cxd4 {[%clk 01:32:15]} {[%emt 00:00:16]} 6. Bc4 {[%clk 01:31:11]} {[%emt
00:00:25]} Qd6 {[%clk 01:32:33]} {[%emt 00:00:13]} 7. O-O {[%clk 01:31:13]}
{[%emt 00:00:28]} Nf6 {[%clk 01:32:13]} {[%emt 00:00:50]} 8. Nb3 {[%clk
01:31:07]} {[%emt 00:00:37]} Nc6 {[%clk 01:32:21]} {[%emt 00:00:21]} 9. Nbxd4
{[%clk 01:30:31]} {[%emt 00:01:06]} Nxd4 {[%clk 01:32:32]} {[%emt 00:00:19]} 10.
Nxd4 {[%clk 01:30:55]} {[%emt 00:00:06]} Be7 {[%clk 01:32:39]} {[%emt
00:00:23]} 11. c3 {[%clk 01:26:55]} {[%emt 00:04:29]} O-O {[%clk 01:32:55]}
{[%emt 00:00:14]} 12. Qf3 {[%clk 01:25:06]} {[%emt 00:02:18]} Qc7 {[%clk
01:32:54]} {[%emt 00:00:32]} 13. Bd3 {[%clk 01:23:41]} {[%emt 00:01:55]} Bd7
{[%clk 01:32:08]} {[%emt 00:01:16]} 14. Re1 {[%clk 01:21:11]} {[%emt 00:02:59]}
Rfd8 {[%clk 01:24:16]} {[%emt 00:08:22]} 15. Bg5 {[%clk 01:17:26]} {[%emt
00:04:15]} Qc5 {[%clk 01:13:46]} {[%emt 00:11:00]} 16. Bh4 {[%clk 01:12:40]}
{[%emt 00:05:16]} b5 {[%clk 01:08:56]} {[%emt 00:05:20]} 17. b4 {[%clk
01:08:23]} {[%emt 00:04:47]} Qd5 {[%clk 01:00:38]} {[%emt 00:08:48]} 18. Qxd5
{[%clk 01:05:06]} {[%emt 00:03:47]} Nxd5 {[%clk 00:55:51]} {[%emt 00:05:18]} 19.
Bxe7 {[%clk 01:05:25]} {[%emt 00:00:11]} Nxe7 {[%clk 00:56:15]} {[%emt
00:00:05]} 20. Nxb5 {[%clk 00:52:09]} {[%emt 00:13:46]} Bxb5 {[%clk 00:55:13]}
{[%emt 00:01:32]} 21. Bxb5 {[%clk 00:52:33]} {[%emt 00:00:05]} Rab8 {[%clk
00:55:18]} {[%emt 00:00:25]} 22. a4 {[%clk 00:46:37]} {[%emt 00:06:27]} Nd5
{[%clk 00:53:08]} {[%emt 00:02:41]} 23. Rec1 {[%clk 00:46:31]} {[%emt
00:00:35]} Rbc8 {[%clk 00:51:31]} {[%emt 00:02:08]} 24. f3 {[%clk 00:35:57]}
{[%emt 00:11:03]} Rxc3 {[%clk 00:48:12]} {[%emt 00:03:50]} 25. Rxc3 {[%clk
00:35:47]} {[%emt 00:00:40]} Nxc3 {[%clk 00:48:35]} {[%emt 00:00:06]} 26. Rc1
{[%clk 00:31:47]} {[%emt 00:04:27]} Nxb5 {[%clk 00:45:06]} {[%emt 00:04:03]} 27.
axb5 {[%clk 00:32:11]} {[%emt 00:00:06]} g6 {[%clk 00:42:12]} {[%emt 00:03:23]}
28. Rc7 {[%clk 00:30:50]} {[%emt 00:01:51]} Rd4 {[%clk 00:40:45]} {[%emt
00:01:58]} 29. Rxa7 {[%clk 00:31:04]} {[%emt 00:00:16]} Rxb4 {[%clk 00:41:10]}
{[%emt 00:00:05]} 30. Rb7 {[%clk 00:31:23]} {[%emt 00:00:10]} Rb2 {[%clk
00:40:58]} {[%emt 00:00:42]} 31. h3 {[%clk 00:29:52]} {[%emt 00:01:58]} h5
{[%clk 00:40:00]} {[%emt 00:01:32]} 1/2-1/2

[Event "MCR juniorek 2024"]
[Site "Jaromerice nad Rokytnou, Czech Republic"]
[Date "????.??.??"]
[Round "3.4"]
[White "Jakubse, Tamae Severina"]
[Black "Petirova, Iva"]
[Result "1-0"]
[WhiteClock "00:27:47"]
[BlackClock "00:18:10"]
[WhiteFideId "23745975"]
[BlackFideId "23741961"]
[WhiteElo "1861"]
[BlackElo "1846"]

1. e4 {[%clk 01:30:57]} {[%emt 00:00:02]} c6 {[%clk 01:30:46]} {[%emt
00:00:14]} 2. d4 {[%clk 01:31:21]} {[%emt 00:00:05]} d5 {[%clk 01:31:06]}
{[%emt 00:00:11]} 3. exd5 {[%clk 01:31:45]} {[%emt 00:00:05]} cxd5 {[%clk
01:31:19]} {[%emt 00:00:16]} 4. c4 {[%clk 01:32:10]} {[%emt 00:00:05]} Nf6
{[%clk 01:31:24]} {[%emt 00:00:25]} 5. Nc3 {[%clk 01:32:34]} {[%emt 00:00:07]}
Nc6 {[%clk 01:31:15]} {[%emt 00:00:39]} 6. Nf3 {[%clk 01:32:58]} {[%emt
00:00:05]} Be6 {[%clk 01:27:26]} {[%emt 00:04:19]} 7. Qb3 {[%clk 01:31:39]}
{[%emt 00:01:50]} Na5 {[%clk 01:26:26]} {[%emt 00:01:30]} 8. Qb5+ {[%clk
01:31:54]} {[%emt 00:00:14]} Bd7 {[%clk 01:26:26]} {[%emt 00:00:30]} 9. cxd5
{[%clk 01:31:57]} {[%emt 00:00:28]} e6 {[%clk 01:26:21]} {[%emt 00:00:34]} 10.
Qd3 {[%clk 01:28:40]} {[%emt 00:03:46]} Nxd5 {[%clk 01:24:02]} {[%emt
00:02:50]} 11. Nxd5 {[%clk 01:27:07]} {[%emt 00:02:02]} exd5 {[%clk 01:24:25]}
{[%emt 00:00:07]} 12. Be2 {[%clk 01:26:55]} {[%emt 00:00:42]} Nc6 {[%clk
01:19:22]} {[%emt 00:05:34]} 13. O-O {[%clk 01:25:33]} {[%emt 00:01:51]} Be7
{[%clk 01:19:07]} {[%emt 00:00:45]} 14. Bf4 {[%clk 01:11:58]} {[%emt 00:14:04]}
Nb4 {[%clk 01:13:28]} {[%emt 00:06:10]} 15. Qb3 {[%clk 01:08:10]} {[%emt
00:04:18]} a5 {[%clk 01:09:32]} {[%emt 00:04:27]} 16. a3 {[%clk 01:05:09]}
{[%emt 00:03:30]} a4 {[%clk 01:07:12]} {[%emt 00:02:51]} 17. Qd1 {[%clk
01:04:46]} {[%emt 00:00:52]} Nc6 {[%clk 01:06:08]} {[%emt 00:01:35]} 18. Qd3
{[%clk 00:59:37]} {[%emt 00:05:39]} h5 {[%clk 00:54:23]} {[%emt 00:12:15]} 19.
Ne5 {[%clk 00:51:23]} {[%emt 00:08:43]} Nxe5 {[%clk 00:47:29]} {[%emt
00:07:24]} 20. dxe5 {[%clk 00:50:32]} {[%emt 00:01:22]} Bg5 {[%clk 00:45:49]}
{[%emt 00:02:09]} 21. Bxg5 {[%clk 00:48:01]} {[%emt 00:03:00]} Qxg5 {[%clk
00:46:14]} {[%emt 00:00:06]} 22. Qxd5 {[%clk 00:46:35]} {[%emt 00:01:55]} Bc6
{[%clk 00:43:25]} {[%emt 00:03:19]} 23. Bb5 {[%clk 00:46:47]} {[%emt 00:00:17]}
O-O {[%clk 00:43:34]} {[%emt 00:00:21]} 24. Bxc6 {[%clk 00:46:48]} {[%emt
00:00:29]} bxc6 {[%clk 00:43:51]} {[%emt 00:00:14]} 25. Qe4 {[%clk 00:45:43]}
{[%emt 00:01:32]} Rab8 {[%clk 00:33:28]} {[%emt 00:10:56]} 26. f4 {[%clk
00:42:10]} {[%emt 00:04:02]} Qg4 {[%clk 00:28:10]} {[%emt 00:05:48]} 27. Rab1
{[%clk 00:36:33]} {[%emt 00:06:06]} Rb3 {[%clk 00:24:47]} {[%emt 00:03:54]} 28.
Qxa4 {[%clk 00:31:36]} {[%emt 00:05:27]} Rfb8 {[%clk 00:24:14]} {[%emt
00:01:03]} 29. Qxc6 {[%clk 00:30:29]} {[%emt 00:01:36]} h4 {[%clk 00:23:39]}
{[%emt 00:01:06]} 30. Kh1 {[%clk 00:25:54]} {[%emt 00:05:04]} Rd8 {[%clk
00:15:52]} {[%emt 00:08:17]} 31. Qc2 {[%clk 00:18:01]} {[%emt 00:08:23]} Rbd3
{[%clk 00:06:59]} {[%emt 00:09:24]} 32. h3 {[%clk 00:15:13]} {[%emt 00:03:17]}
Qd7 {[%clk 00:05:36]} {[%emt 00:01:54]} 33. Rf2 {[%clk 00:13:20]} {[%emt
00:02:22]} Rc8 {[%clk 00:04:34]} {[%emt 00:01:33]} 34. Qe2 {[%clk 00:13:18]}
{[%emt 00:00:32]} Qd5 {[%clk 00:04:28]} {[%emt 00:00:37]} 35. Kh2 {[%clk
00:11:19]} {[%emt 00:02:28]} Rc6 {[%clk 00:04:29]} {[%emt 00:00:30]} 36. Rbf1
{[%clk 00:10:06]} {[%emt 00:01:43]} Rg6 {[%clk 00:03:41]} {[%emt 00:01:19]} 37.
f5 {[%clk 00:08:50]} {[%emt 00:01:46]} Rg5 {[%clk 00:01:59]} {[%emt 00:02:12]}
38. e6 {[%clk 00:06:50]} {[%emt 00:02:30]} Qd6+ {[%clk 00:01:11]} {[%emt
00:01:19]} 39. Kh1 {[%clk 00:06:50]} {[%emt 00:00:29]} Rgg3 {[%clk 00:00:32]}
{[%emt 00:01:09]} 40. exf7+ {[%clk 00:06:10]} {[%emt 00:01:10]} Kxf7 {[%clk
00:00:41]} {[%emt 00:00:21]} 41. Qe6+ {[%clk 00:06:20]} {[%emt 00:00:20]} Qxe6
{[%clk 00:01:00]} {[%emt 00:00:11]} 42. fxe6+ {[%clk 00:06:46]} {[%emt
00:00:04]} Kxe6 {[%clk 00:01:23]} {[%emt 00:00:07]} 43. Rf3 {[%clk 00:06:54]}
{[%emt 00:00:21]} Rd2 {[%clk 00:29:55]} {[%emt 00:01:59]} 44. Rxg3 {[%clk
00:35:38]} {[%emt 00:01:46]} hxg3 {[%clk 00:30:18]} {[%emt 00:00:07]} 45. Rb1
{[%clk 00:35:45]} {[%emt 00:00:23]} Kd5 {[%clk 00:30:19]} {[%emt 00:00:29]} 46.
Kg1 {[%clk 00:31:43]} {[%emt 00:04:32]} Kc4 {[%clk 00:28:11]} {[%emt 00:02:39]}
47. b4 {[%clk 00:31:01]} {[%emt 00:01:11]} Ra2 {[%clk 00:24:05]} {[%emt
00:04:37]} 48. b5 {[%clk 00:29:06]} {[%emt 00:02:26]} Rxa3 {[%clk 00:23:05]}
{[%emt 00:01:29]} 49. b6 {[%clk 00:29:27]} {[%emt 00:00:09]} Ra8 {[%clk
00:22:59]} {[%emt 00:00:36]} 50. Kf1 {[%clk 00:29:11]} {[%emt 00:00:45]} Kd4
{[%clk 00:19:49]} {[%emt 00:03:40]} 51. Ke2 {[%clk 00:27:25]} {[%emt 00:02:14]}
Ke4 {[%clk 00:19:38]} {[%emt 00:00:42]} 52. b7 {[%clk 00:27:23]} {[%emt
00:00:33]} Rb8 {[%clk 00:20:05]} {[%emt 00:00:03]} 53. Rb4+ {[%clk 00:27:47]}
{[%emt 00:00:06]} 1-0

[Event "MCR juniorek 2024"]
[Site "Jaromerice nad Rokytnou, Czech Republic"]
[Date "????.??.??"]
[Round "4.2"]
[White "Petirova, Iva"]
[Black "Nespora, Tatana"]
[Result "0-1"]
[WhiteFideId "23741961"]
[BlackFideId "392286"]
[WhiteElo "1846"]
[BlackElo "1839"]

1. e4 {[%clk 01:30:56]} {[%emt 00:00:03]} c5 {[%clk 01:30:43]} {[%emt
00:00:17]} 2. Nf3 {[%clk 01:31:12]} {[%emt 00:00:14]} Nc6 {[%clk 01:30:53]}
{[%emt 00:00:20]} 3. d4 {[%clk 01:31:23]} {[%emt 00:00:19]} cxd4 {[%clk
01:31:05]} {[%emt 00:00:18]} 4. Nxd4 {[%clk 01:31:43]} {[%emt 00:00:10]} Nf6
{[%clk 01:31:20]} {[%emt 00:00:15]} 5. Nc3 {[%clk 01:31:43]} {[%emt 00:00:31]}
e5 {[%clk 01:31:30]} {[%emt 00:00:18]} 6. Ndb5 {[%clk 01:31:56]} {[%emt
00:00:17]} d6 {[%clk 01:31:37]} {[%emt 00:00:23]} 7. Bg5 {[%clk 01:32:01]}
{[%emt 00:00:25]} a6 {[%clk 01:31:51]} {[%emt 00:00:17]} 8. Na3 {[%clk
01:32:19]} {[%emt 00:00:11]} b5 {[%clk 01:31:49]} {[%emt 00:00:32]} 9. Bxf6
{[%clk 01:32:29]} {[%emt 00:00:20]} gxf6 {[%clk 01:32:08]} {[%emt 00:00:11]} 10.
Nd5 {[%clk 01:32:41]} {[%emt 00:00:18]} f5 {[%clk 01:31:50]} {[%emt 00:00:47]}
11. Bxb5 {[%clk 01:32:10]} {[%emt 00:01:02]} axb5 {[%clk 01:31:08]} {[%emt
00:01:13]} 12. Nxb5 {[%clk 01:32:32]} {[%emt 00:00:07]} Ra4 {[%clk 01:29:47]}
{[%emt 00:01:51]} 13. b4 {[%clk 01:32:25]} {[%emt 00:00:37]} Rxb4 {[%clk
01:23:50]} {[%emt 00:06:26]} 14. Nbc7+ {[%clk 01:32:31]} {[%emt 00:00:24]} Kd7
{[%clk 01:19:52]} {[%emt 00:04:29]} 15. O-O {[%clk 01:31:38]} {[%emt 00:01:23]}
h5 {[%clk 01:08:05]} {[%emt 00:12:18]} 16. Qf3 {[%clk 01:24:20]} {[%emt
00:07:47]} Nd4 {[%clk 00:48:17]} {[%emt 00:20:17]} 17. Qh3 {[%clk 01:14:23]}
{[%emt 00:10:27]} Rb7 {[%clk 00:44:43]} {[%emt 00:04:05]} 18. c3 {[%clk
01:01:29]} {[%emt 00:13:24]} Ne2+ {[%clk 00:37:25]} {[%emt 00:07:47]} 19. Kh1
{[%clk 01:01:54]} {[%emt 00:00:06]} Qg5 {[%clk 00:36:00]} {[%emt 00:01:55]} 20.
Qd3 {[%clk 00:40:10]} {[%emt 00:22:14]} Nf4 {[%clk 00:32:36]} {[%emt 00:03:53]}
21. Nxf4 {[%clk 00:40:31]} {[%emt 00:00:10]} Qxf4 {[%clk 00:32:16]} {[%emt
00:00:50]} 22. Nd5 {[%clk 00:39:09]} {[%emt 00:01:52]} fxe4 {[%clk 00:25:13]}
{[%emt 00:07:32]} 23. Qh3+ {[%clk 00:34:15]} {[%emt 00:05:25]} Kd8 {[%clk
00:22:07]} {[%emt 00:03:35]} 24. Nxf4 {[%clk 00:34:36]} {[%emt 00:00:09]} Bxh3
{[%clk 00:22:31]} {[%emt 00:00:06]} 25. Nxh3 {[%clk 00:35:02]} {[%emt
00:00:04]} Be7 {[%clk 00:22:41]} {[%emt 00:00:20]} 26. f4 {[%clk 00:31:06]}
{[%emt 00:04:26]} exf3 {[%clk 00:20:29]} {[%emt 00:02:42]} 27. Rxf3 {[%clk
00:30:50]} {[%emt 00:00:46]} Ke8 {[%clk 00:20:09]} {[%emt 00:00:51]} 28. a4
{[%clk 00:29:43]} {[%emt 00:01:38]} Ra7 {[%clk 00:19:37]} {[%emt 00:01:01]} 29.
c4 {[%clk 00:26:54]} {[%emt 00:03:19]} f6 {[%clk 00:19:16]} {[%emt 00:00:51]}
30. Nf2 {[%clk 00:27:08]} {[%emt 00:00:16]} Kd7 {[%clk 00:18:37]} {[%emt
00:01:09]} 31. Ne4 {[%clk 00:22:18]} {[%emt 00:05:20]} Ke6 {[%clk 00:17:55]}
{[%emt 00:01:12]} 32. Nc3 {[%clk 00:20:06]} {[%emt 00:02:42]} Rc7 {[%clk
00:16:29]} {[%emt 00:01:56]} 33. a5 {[%clk 00:13:29]} {[%emt 00:07:08]} Rxc4
{[%clk 00:15:55]} {[%emt 00:01:04]} 34. a6 {[%clk 00:13:43]} {[%emt 00:00:15]}
Ra8 {[%clk 00:16:10]} {[%emt 00:00:15]} 35. Kg1 {[%clk 00:11:34]} {[%emt
00:02:39]} d5 {[%clk 00:15:10]} {[%emt 00:01:31]} 36. Nb5 {[%clk 00:10:08]}
{[%emt 00:01:56]} d4 {[%clk 00:11:44]} {[%emt 00:03:54]} 37. a7 {[%clk
00:08:44]} {[%emt 00:01:55]} e4 {[%clk 00:10:41]} {[%emt 00:01:33]} 38. Ra6+
{[%clk 00:06:40]} {[%emt 00:02:35]} Kf7 {[%clk 00:08:33]} {[%emt 00:02:38]} 39.
Rfxf6+ {[%clk 00:00:34]} {[%emt 00:06:36]} Bxf6 {[%clk 00:04:47]} {[%emt
00:04:15]} 40. Nd6+ {[%clk 00:00:59]} {[%emt 00:00:05]} Ke7 {[%clk 00:04:56]}
{[%emt 00:00:20]} 41. Nxc4 {[%clk 00:01:13]} {[%emt 00:00:17]} d3 {[%clk
00:04:54]} {[%emt 00:00:32]} 42. Kf1 {[%clk 00:00:58]} {[%emt 00:00:46]} Bd4
{[%clk 00:04:33]} {[%emt 00:00:50]} 43. Nd2 {[%clk 00:18:20]} {[%emt 00:13:07]}
e3 {[%clk 00:25:22]} {[%emt 00:09:41]} 44. Nf3 {[%clk 00:17:56]} {[%emt
00:00:54]} e2+ {[%clk 00:25:39]} {[%emt 00:00:13]} 45. Ke1 {[%clk 00:18:17]}
{[%emt 00:00:10]} Bc3+ {[%clk 00:25:56]} {[%emt 00:00:13]} 46. Nd2 {[%clk
00:18:40]} {[%emt 00:00:07]} Rf8 {[%clk 00:26:09]} {[%emt 00:00:17]} 47. g3
{[%clk 00:18:57]} {[%emt 00:00:13]} Rf1# {[%clk 00:26:32]} {[%emt 00:00:06]}
0-1